000 004490000a22001690004500
003 MACL
005 20160102131239.0
008 160102b xxu||||| |||| 00| 0 eng d
040 _aMACL
_cMACL
041 _aEnglish
082 _a591/WHI
100 _aJefferies, Richard
_927035
245 _aThe Natural History of Selborne
260 _bThe Walter Scott publishing co Ltd
_aLondon
650 _aNatural History
_95610
942 _cBK
_k591/JEF
_2ddc
999 _c39026
_d39026